000 00849nam a2200277Ia 4500
001 Para_8278
003 CHAP
008 220125s9999 xx 000 0 und d
010 _a205937
040 _cCHAP
082 _aPA-C 595.752 A6
100 _aBaker, Arthur C.
_9166681
245 _aThe dimorphs of species of chaitophorus /
_c by A.C. Baker
300 _a4 p.
440 _aAphidae; 9
_9171887
500 _aSobretiro de: Proceedings of the Biological Society of Washington 31: 85-88, 1918. Encuadernado con otros impresos similares
650 _aAfididos
_x Colecciones de escritos
_91032
650 _aChaitophorus negundinis
_9172080
901 _aPA-C 595.752 A6
902 _aM
905 _a000000 0000000000 00
910 _a
942 _cPARA
942 _cPARA
_d1
999 _c205937
_d205937